Pokémon - Les attaques de Bulbizarre - Statistiques

Statistiques générales
  • Ce quiz a été pris 161 fois
  • Le résultat moyen est 8 sur 15
Statistiques - réponses
Niveaux Types Noms des attaques % Correct
Départ Normal Charge
98%
Départ Normal Rugissement
83%
Niveau 3 Plante Fouet Lianes
78%
Niveau 15 Plante Poudre Dodo
78%
Niveau 36 Plante Lance-Soleil
71%
Niveau 12 Plante Tranch'Herbe
71%
Niveau 9 Plante Vampigraine
71%
Niveau 15 Poison Poudre Toxik
55%
Niveau 21 Normal Bélier
49%
Niveau 33 Normal Damoclès
35%
Niveau 27 Plante Synthèse
33%
Niveau 6 Normal Croissance
29%
Niveau 18 Plante Canon Graine
20%
Niveau 30 Plante Soucigraine
14%
Niveau 24 Normal Doux Parfum
12%
Aucun quiz correspondant
Distribution des résultats
% des personnes avec chaque résultat
Percentile par nombre de réponses
Votre historique - résultats
Vous n’avez pas pris ce quiz